Tilastot visalle Suomalaiset urheilujoukkueet - eläinversio

Klikkaa tästä pelataksesi tätä visaa!

Yleistilastot

  • Tätä visaa on pelattu 230 kertaa
  • Keskiarvotulos 8 / 12

Vastaustilastot

Vastaus% Oikein
Leijonat
98%
Oulun Kärpät
97%
Tampereen Ilves
95%
Huuhkajat
92%
Lahden Pelicans
85%
Susijengi
83%
Kokkolan Tiikerit
64%
Helsinki Seagulls
54%
Kauhajoen Karhu / Porin Pesäkarhut
48%
Kobrat
43%
Korihait
41%
Jyväskylän Lohi / Kiekko-Vantaa ("Lohet")
22%

Tulosjakauma

Persentiili vastausten määrän mukaan

Jokaisen tuloksen saaneiden osuus

Tuloshistoriasi

Et ole pelannut tätä visaa